| 000 | 00908nam a2200217Ia 4500 | ||
|---|---|---|---|
| 003 | Ost | ||
| 005 | 20260507075049.0 | ||
| 008 | 260507s9999||||xx |||||||||||||| ||und|| | ||
| 040 | _cfsecg | ||
| 041 | _aara | ||
| 100 |
_aعباس، صلاح _eمؤلف |
||
| 245 | 0 |
_aالخصخصة : _bالمصطلح والتطبيق / _c صلاح عباس |
|
| 260 |
_aالإسكندرية: _bشباب الجامعة, _c2005 |
||
| 300 |
_a208 صفحة؛ _bإيضاحات ؛ _c24 سم |
||
| 504 | _aببليوغرافيا: ص.169 | ||
| 520 | _aالقطاع العام-تاريخ مختصر-ملامح الصورة في الخطة الثانية وبداية التعثر-هل فشل القطاع العام-برنامج خصخصة القطاع العام تطبيقات-التخصصية في مصر | ||
| 653 | _aالقطاع الخاص | ||
| 653 | _aالقطاع العام | ||
| 653 | _aمصر | ||
| 942 | _cكتاب | ||
| 999 |
_c42615 _d42615 |
||